[Event "Open International Graz"]
[Date "2026.02.15"]
[White "Stickler, Florentin"]
[Black "Shengelia, David"]
[WhiteElo "2346"]
[BlackElo "2487"]
[Round "3.3.4"]
[Result "1/2-1/2"]

e4 {[%clk 1:30:55]} c5 {[%clk 1:30:33]} Nf3 {[%clk 1:31:19]} Nc6 {[%clk
1:30:44]} d4 {[%clk 1:31:39]} cxd4 {[%clk 1:31:10]} Nxd4 {[%clk 1:32:03]} Nf6
{[%clk 1:31:21]} Nc3 {[%clk 1:32:26]} e6 {[%clk 1:31:36]} Ndb5 {[%clk 1:32:29]}
d6 {[%clk 1:31:08]} Bf4 {[%clk 1:32:36]} e5 {[%clk 1:31:32]} Bg5 {[%clk
1:33:01]} a6 {[%clk 1:30:54]} Na3 {[%clk 1:33:26]} Be6 {[%clk 1:30:23]} Nc4
{[%clk 1:31:39]} Rc8 {[%clk 1:28:37]} Ne3 {[%clk 1:26:47]} Be7 {[%clk 1:17:49]}
Bxf6 {[%clk 1:20:34]} Bxf6 {[%clk 1:16:36]} Ncd5 {[%clk 1:18:26]} Bg5 {[%clk
1:15:54]} g3 {[%clk 1:17:29]} Bxe3 {[%clk 1:09:59]} Nxe3 {[%clk 1:17:37]} Qb6
{[%clk 1:10:13]} Bg2 {[%clk 0:49:16]} Qxb2 {[%clk 1:06:28]} O-O {[%clk 0:49:35]}
Qd4 {[%clk 1:06:39]} Qh5 {[%clk 0:47:38]} O-O {[%clk 1:05:35]} Rad1 {[%clk
0:46:24]} Qc5 {[%clk 1:04:37]} Nf5 {[%clk 0:45:53]} Rfd8 {[%clk 0:55:18]} Qg4
{[%clk 0:39:19]} Bxf5 {[%clk 0:37:05]} exf5 {[%clk 0:39:43]} f6 {[%clk 0:37:21]}
Bd5+ {[%clk 0:39:27]} Kh8 {[%clk 0:37:37]} c4 {[%clk 0:39:46]} b5 {[%clk
0:26:36]} cxb5 {[%clk 0:33:30]} axb5 {[%clk 0:26:57]} Be6 {[%clk 0:32:32]} Rc7
{[%clk 0:27:03]} Rd5 {[%clk 0:28:27]} Qb6 {[%clk 0:24:55]} Rb1 {[%clk 0:27:48]}
Nd4 {[%clk 0:26:41]} a4 {[%clk 0:27:47]} Rc5 {[%clk 0:17:26]} axb5 {[%clk
0:19:43]} Rxd5 {[%clk 0:13:55]} Bxd5 {[%clk 0:20:01]} Qc5 {[%clk 0:14:21]} Be6
{[%clk 0:17:13]} Nxb5 {[%clk 0:14:44]} h4 {[%clk 0:13:38]} d5 {[%clk 0:12:11]}
Ra1 {[%clk 0:11:25]} d4 {[%clk 0:09:54]} Qe4 {[%clk 0:11:38]} Nc7 {[%clk
0:08:36]} Qb7 {[%clk 0:10:56]} d3 {[%clk 0:06:55]} Rd1 {[%clk 0:09:38]} g6
{[%clk 0:03:56]} h5 {[%clk 0:05:35]} gxh5 {[%clk 0:03:00]} Qf3 {[%clk 0:05:03]}
d2 {[%clk 0:01:51]} Qxh5 {[%clk 0:04:52]} Qd6 {[%clk 0:01:00]} Qh6 {[%clk
0:04:30]} Nxe6 {[%clk 0:00:37]} fxe6 {[%clk 0:04:52]} Qxe6 {[%clk 0:00:57]} Rxd2
{[%clk 0:05:18]} Rxd2 {[%clk 0:15:11]} Qxd2 {[%clk 0:20:42]} Kg7 {[%clk
0:15:38]} Qe3 {[%clk 0:20:52]} h6 {[%clk 0:15:23]} Kh2 {[%clk 0:21:07]} Kg6
{[%clk 0:15:43]} Qc5 {[%clk 0:21:10]} Qf5 {[%clk 0:15:59]} Kg2 {[%clk 0:21:15]}
Qe4+ {[%clk 0:16:25]} Kh2 {[%clk 0:21:41]} Qf3 {[%clk 0:16:42]} Qc2+ {[%clk
0:21:35]} Kg5 {[%clk 0:15:31]} Qd2+ {[%clk 0:21:43]} Kh5 {[%clk 0:15:13]} Qa2
{[%clk 0:22:09]} Qf5 {[%clk 0:13:49]} Qe2+ {[%clk 0:21:44]} Kg6 {[%clk 0:13:27]}
Qa2 {[%clk 0:21:16]} e4 {[%clk 0:11:59]} Qg8+ {[%clk 0:20:21]} Kh5 {[%clk
0:12:24]} Qa2 {[%clk 0:20:29]} Kg4 {[%clk 0:09:16]} Qe2+ {[%clk 0:20:12]} Kg5
{[%clk 0:09:19]} Qd2+ {[%clk 0:20:28]} Kg6 {[%clk 0:09:37]} Qa2 {[%clk 0:20:51]}
h5 {[%clk 0:08:54]} Qg8+ {[%clk 0:20:33]} Kh6 {[%clk 0:09:23]} Qh8+ {[%clk
0:20:50]} Kg5 {[%clk 0:09:23]} Qg8+ {[%clk 0:20:56]} Qg6 {[%clk 0:09:42]} Qd5+
{[%clk 0:21:20]} Kh6 {[%clk 0:08:40]} Qd2+ {[%clk 0:21:43]} Qg5 {[%clk 0:08:10]}
Qd4 {[%clk 0:22:04]} Qe5 {[%clk 0:07:56]} Qd8 {[%clk 0:21:03]} f5 {[%clk
0:07:41]} Qf8+ {[%clk 0:21:15]} Kg6 {[%clk 0:08:05]} Qg8+ {[%clk 0:21:42]} Qg7
{[%clk 0:08:26]} Qe6+ {[%clk 0:21:46]} Qf6 {[%clk 0:08:52]} Qe8+ {[%clk
0:21:40]} Kh6 {[%clk 0:09:18]} Kh3 {[%clk 0:21:37]} Qg7 {[%clk 0:05:37]} Qe6+
{[%clk 0:18:32]} Qg6 {[%clk 0:06:01]} Qe5 {[%clk 0:18:48]} Qg4+ {[%clk 0:05:15]}
Kh2 {[%clk 0:19:13]} Qg6 {[%clk 0:04:16]} Kh3 {[%clk 0:19:24]} Kh7 {[%clk
0:04:39]} Qe7+ {[%clk 0:19:29]} Kg8 {[%clk 0:05:03]} Qd8+ {[%clk 0:19:33]} Kf7
{[%clk 0:05:19]} Qd7+ {[%clk 0:19:54]} Kf6 {[%clk 0:05:33]} Qd6+ {[%clk
0:20:22]} Kg7 {[%clk 0:05:38]} Qe7+ {[%clk 0:20:46]} Kh6 {[%clk 0:05:47]} Qf8+
{[%clk 0:20:49]} Kh7 {[%clk 0:05:34]} Qe7+ {[%clk 0:21:10]} Qg7 {[%clk 0:05:53]}
Qe6 {[%clk 0:21:26]} Qg4+ {[%clk 0:05:36]} Kh2 {[%clk 0:21:52]} Qg6 {[%clk
0:05:54]} Qe7+ {[%clk 0:22:16]} Qg7 {[%clk 0:05:53]} Qe6 {[%clk 0:22:38]} Qf8
{[%clk 0:04:46]} Kh3 {[%clk 0:23:00]} Kg7 {[%clk 0:04:43]} Qe5+ {[%clk 0:22:34]}
Qf6 {[%clk 0:05:03]} Qc7+ {[%clk 0:23:00]} Kg6 {[%clk 0:05:09]} Qc4 {[%clk
0:23:10]} Qe7 {[%clk 0:04:25]} Qg8+ {[%clk 0:23:29]} Qg7 {[%clk 0:03:56]} Qe8+
{[%clk 0:23:33]} Qf7 {[%clk 0:04:18]} Qc6+ {[%clk 0:23:49]} Kg5 {[%clk 0:04:00]}
Qc5 {[%clk 0:23:56]} Qe6 {[%clk 0:03:56]} Kh2 {[%clk 0:23:43]} h4 {[%clk
0:01:37]} Qe3+ {[%clk 0:23:49]} Kh5 {[%clk 0:01:54]} Qe2+ {[%clk 0:24:05]} Kg6
{[%clk 0:01:59]} gxh4 {[%clk 0:22:45]} Qd6+ {[%clk 0:02:24]} Kg2 {[%clk
0:21:53]} Qf4 {[%clk 0:02:42]} Kh3 {[%clk 0:21:15]} Qe5 {[%clk 0:01:17]} Qa6+
{[%clk 0:21:30]} Kh5 {[%clk 0:01:25]} Qe2+ {[%clk 0:21:50]} Kg6 {[%clk 0:01:13]}

[Variant "Standard"]
[Site "Europe Echecs"]

[Event "Open International Graz"]
[Date "2026.02.15"]
[White "Travadon, Loic"]
[Black "Atoyan, Alberto"]
[WhiteElo "2483"]
[BlackElo "2335"]
[Round "3.3.5"]
[Result "1-0"]

d4 {[%clk 1:30:39]} Nf6 {[%clk 1:30:47]} Nc3 {[%clk 1:31:04]} d5 {[%clk
1:30:58]} Bf4 {[%clk 1:31:30]} a6 {[%clk 1:31:06]} e3 {[%clk 1:31:21]} h6 {[%clk
1:31:00]} Nf3 {[%clk 1:16:18]} e6 {[%clk 1:27:40]} Bd3 {[%clk 1:10:34]} c5
{[%clk 1:24:21]} O-O {[%clk 1:07:34]} c4 {[%clk 1:13:46]} Be2 {[%clk 1:07:49]}
Nc6 {[%clk 1:10:24]} Ne5 {[%clk 1:05:39]} Bb4 {[%clk 1:01:46]} Nxc6 {[%clk
1:04:57]} bxc6 {[%clk 1:02:09]} Na4 {[%clk 1:05:20]} O-O {[%clk 0:53:08]} b3
{[%clk 1:02:34]} cxb3 {[%clk 0:50:33]} cxb3 {[%clk 1:02:52]} Nd7 {[%clk
0:46:40]} Qc2 {[%clk 0:36:23]} Bb7 {[%clk 0:46:16]} a3 {[%clk 0:36:49]} Be7
{[%clk 0:45:53]} b4 {[%clk 0:37:14]} a5 {[%clk 0:37:53]} Nc5 {[%clk 0:37:22]}
Nxc5 {[%clk 0:25:10]} bxc5 {[%clk 0:37:46]} Bg5 {[%clk 0:19:52]} Bg3 {[%clk
0:35:32]} Bh4 {[%clk 0:19:13]} Bxh4 {[%clk 0:33:51]} Qxh4 {[%clk 0:19:40]} Rab1
{[%clk 0:34:16]} Qe7 {[%clk 0:14:46]} Rb6 {[%clk 0:34:14]} Ra7 {[%clk 0:14:46]}
Rfb1 {[%clk 0:34:21]} Ba8 {[%clk 0:12:53]} Qc3 {[%clk 0:32:51]} Re8 {[%clk
0:11:57]} Bd1 {[%clk 0:31:45]} Qc7 {[%clk 0:10:07]} Bc2 {[%clk 0:30:31]} g6
{[%clk 0:10:18]} f4 {[%clk 0:30:30]} Kg7 {[%clk 0:09:47]} g3 {[%clk 0:26:52]}
Rc8 {[%clk 0:08:00]} e4 {[%clk 0:26:03]} Bb7 {[%clk 0:05:29]} f5 {[%clk
0:14:38]} exf5 {[%clk 0:05:16]} exf5 {[%clk 0:15:00]} Ba6 {[%clk 0:02:56]} fxg6
{[%clk 0:14:44]} fxg6 {[%clk 0:03:13]} Rxa6 {[%clk 0:14:47]} Rxa6 {[%clk
0:03:18]} Qd3 {[%clk 0:15:14]} Ra7 {[%clk 0:03:26]} Qxg6+ {[%clk 0:15:39]} Kh8
{[%clk 0:03:52]} Qxh6+ {[%clk 0:16:05]} Kg8 {[%clk 0:04:16]} Bf5 {[%clk
0:16:11]} Re8 {[%clk 0:04:08]} Qg6+ {[%clk 0:15:00]} Kf8 {[%clk 0:04:30]} Rf1
{[%clk 0:15:26]} Qf7 {[%clk 0:03:57]} Be6 {[%clk 0:14:55]}

[Variant "Standard"]
[Site "Europe Echecs"]

[Event "Open International Graz"]
[Date "2026.02.15"]
[White "Hasanov, Zaur"]
[Black "Zverev, Lev"]
[WhiteElo "2329"]
[BlackElo "2453"]
[Round "3.3.6"]
[Result "1/2-1/2"]

d4 {[%clk 1:30:54]} Nf6 {[%clk 1:30:40]} c4 {[%clk 1:31:20]} e6 {[%clk 1:31:04]}
g3 {[%clk 1:31:40]} d5 {[%clk 1:31:31]} Bg2 {[%clk 1:31:57]} Bb4+ {[%clk
1:31:53]} Bd2 {[%clk 1:32:16]} Be7 {[%clk 1:32:17]} Nf3 {[%clk 1:32:35]} O-O
{[%clk 1:32:41]} O-O {[%clk 1:32:58]} c6 {[%clk 1:33:08]} Qc2 {[%clk 1:33:12]}
b6 {[%clk 1:33:33]} a4 {[%clk 1:32:20]} Ba6 {[%clk 1:33:57]} cxd5 {[%clk
1:32:37]} cxd5 {[%clk 1:31:57]} Nc3 {[%clk 1:31:03]} Nc6 {[%clk 1:27:01]} Rfc1
{[%clk 1:16:52]} Rc8 {[%clk 1:26:36]} Qd1 {[%clk 1:16:52]} Ne4 {[%clk 1:20:00]}
Be1 {[%clk 1:12:18]} Nd6 {[%clk 1:07:35]} e3 {[%clk 1:02:35]} Nb4 {[%clk
0:59:45]} Bf1 {[%clk 0:59:37]} Bxf1 {[%clk 0:59:41]} Kxf1 {[%clk 1:00:01]} a5
{[%clk 0:54:58]} Qe2 {[%clk 0:57:14]} f6 {[%clk 0:44:23]} Nb5 {[%clk 0:55:18]}
Ne4 {[%clk 0:35:53]} Nd2 {[%clk 0:41:55]} Nxd2+ {[%clk 0:27:14]} Bxd2 {[%clk
0:42:06]} Qd7 {[%clk 0:27:33]} Bxb4 {[%clk 0:41:19]} Bxb4 {[%clk 0:27:35]} Qd1
{[%clk 0:41:28]} Kf7 {[%clk 0:23:14]} Qh5+ {[%clk 0:41:24]} Kg8 {[%clk 0:23:37]}
Qd1 {[%clk 0:41:50]} Kf7 {[%clk 0:24:02]} Qh5+ {[%clk 0:42:13]} Kg8 {[%clk
0:24:26]} Qd1 {[%clk 0:42:36]}

[Variant "Standard"]
[Site "Europe Echecs"]

[Event "Open International Graz"]
[Date "2026.02.15"]
[White "Dyachuk, Artem"]
[Black "Gschnitzer, Adrian"]
[WhiteElo "2310"]
[BlackElo "2429"]
[Round "3.3.7"]
[Result "1/2-1/2"]

e4 {[%clk 1:30:59]} c5 {[%clk 1:30:53]} Nf3 {[%clk 1:31:10]} d6 {[%clk 1:31:16]}
d4 {[%clk 1:31:37]} cxd4 {[%clk 1:31:38]} Nxd4 {[%clk 1:32:05]} Nf6 {[%clk
1:31:56]} Nc3 {[%clk 1:32:32]} a6 {[%clk 1:32:16]} Be3 {[%clk 1:33:00]} e5
{[%clk 1:32:33]} Nf3 {[%clk 1:33:28]} Be7 {[%clk 1:32:32]} Bc4 {[%clk 1:33:55]}
O-O {[%clk 1:31:48]} O-O {[%clk 1:34:15]} Nc6 {[%clk 1:31:57]} Bb3 {[%clk
1:31:43]} h6 {[%clk 1:30:42]} Nh4 {[%clk 1:28:15]} Na5 {[%clk 1:30:57]} Ng6
{[%clk 1:22:58]} Nxb3 {[%clk 1:30:15]} Bb6 {[%clk 1:16:17]} Qe8 {[%clk 1:23:35]}
Nxe7+ {[%clk 1:16:28]} Qxe7 {[%clk 1:23:58]} axb3 {[%clk 1:16:53]} Be6 {[%clk
1:23:33]} Qd3 {[%clk 1:13:25]} Rac8 {[%clk 1:22:31]} Rfd1 {[%clk 1:12:54]} Rc6
{[%clk 1:21:16]} Ba5 {[%clk 1:13:15]} Nh5 {[%clk 1:16:50]} Bb4 {[%clk 0:45:01]}
Nf4 {[%clk 1:12:41]} Qd2 {[%clk 0:37:15]} Rd8 {[%clk 1:04:40]} Ne2 {[%clk
0:35:21]} Ng6 {[%clk 1:04:42]} c4 {[%clk 0:29:54]} Rd7 {[%clk 1:03:32]} Qe3
{[%clk 0:29:45]} Qg5 {[%clk 0:57:04]} Qxg5 {[%clk 0:26:26]} hxg5 {[%clk
0:57:17]} Rd3 {[%clk 0:26:36]} Nf4 {[%clk 0:52:23]} Nxf4 {[%clk 0:26:45]} gxf4
{[%clk 0:52:17]} Rad1 {[%clk 0:26:51]} b5 {[%clk 0:50:59]} Rxd6 {[%clk 0:26:11]}
Rcxd6 {[%clk 0:51:05]} Rxd6 {[%clk 0:26:27]} f6 {[%clk 0:44:57]} Rxd7 {[%clk
0:26:40]} Bxd7 {[%clk 0:45:15]} cxb5 {[%clk 0:26:56]} axb5 {[%clk 0:45:28]}

[Variant "Standard"]
[Site "Europe Echecs"]

[Event "Open International Graz"]
[Date "2026.02.15"]
[White "Sowinski, Pawel"]
[Black "Silva, Pedro Gil Ferreira Da"]
[WhiteElo "2413"]
[BlackElo "2329"]
[Round "3.3.8"]
[Result "1/2-1/2"]

d4 {[%clk 1:30:58]} Nf6 {[%clk 1:30:52]} c4 {[%clk 1:31:23]} e6 {[%clk 1:31:15]}
Nc3 {[%clk 1:31:48]} Bb4 {[%clk 1:31:25]} e3 {[%clk 1:32:13]} O-O {[%clk
1:31:46]} Bd3 {[%clk 1:32:38]} d5 {[%clk 1:27:05]} Ne2 {[%clk 1:33:02]} Re8
{[%clk 1:27:19]} O-O {[%clk 1:33:08]} Bf8 {[%clk 1:27:11]} Qc2 {[%clk 1:18:55]}
Nbd7 {[%clk 1:15:30]} cxd5 {[%clk 1:18:22]} exd5 {[%clk 1:15:49]} Bd2 {[%clk
1:18:14]} c6 {[%clk 1:15:02]} f3 {[%clk 1:17:21]} Nb6 {[%clk 1:06:50]} e4 {[%clk
1:10:46]} c5 {[%clk 0:55:02]} e5 {[%clk 1:06:19]} cxd4 {[%clk 0:52:38]} exf6
{[%clk 1:06:16]} dxc3 {[%clk 0:53:02]} fxg7 {[%clk 1:02:11]} Bc5+ {[%clk
0:48:40]} Kh1 {[%clk 1:02:39]} cxd2 {[%clk 0:48:51]} Qxc5 {[%clk 1:02:23]} Qf6
{[%clk 0:41:38]} Qc2 {[%clk 0:55:56]} Nc4 {[%clk 0:38:07]} Bxc4 {[%clk 0:52:55]}
dxc4 {[%clk 0:38:29]} Ng3 {[%clk 0:53:14]} Qd4 {[%clk 0:31:27]} Rfd1 {[%clk
0:43:21]} Rd8 {[%clk 0:30:34]} Nf1 {[%clk 0:38:13]} Qd3 {[%clk 0:29:03]} Qxd3
{[%clk 0:31:49]} Rxd3 {[%clk 0:27:08]} Nxd2 {[%clk 0:30:46]} Be6 {[%clk
0:26:31]} Ne4 {[%clk 0:31:40]} Rad8 {[%clk 0:26:03]} Re1 {[%clk 0:27:19]} b6
{[%clk 0:23:37]} h4 {[%clk 0:24:46]} h6 {[%clk 0:23:10]} Nf6+ {[%clk 0:19:55]}
Kxg7 {[%clk 0:23:23]} Nh5+ {[%clk 0:20:22]} Kf8 {[%clk 0:21:46]} Nf4 {[%clk
0:20:47]} R3d6 {[%clk 0:20:07]} Rac1 {[%clk 0:14:20]} b5 {[%clk 0:19:06]} Kh2
{[%clk 0:14:20]} Bd7 {[%clk 0:18:13]} b3 {[%clk 0:09:06]} Rc8 {[%clk 0:17:18]}
bxc4 {[%clk 0:08:40]} Rxc4 {[%clk 0:15:54]} Rxc4 {[%clk 0:09:04]} bxc4 {[%clk
0:16:21]} Rc1 {[%clk 0:09:26]} Ra6 {[%clk 0:15:13]} Rxc4 {[%clk 0:08:34]} Rxa2
{[%clk 0:15:40]} Rd4 {[%clk 0:03:47]} Bc6 {[%clk 0:11:41]} Rd6 {[%clk 0:01:42]}
Bxf3 {[%clk 0:12:05]} Rxh6 {[%clk 0:02:04]} Be4 {[%clk 0:10:31]} Rh8+ {[%clk
0:01:01]} Kg7 {[%clk 0:10:32]} Re8 {[%clk 0:00:52]} Bc6 {[%clk 0:07:24]} Rc8
{[%clk 0:14:57]} Be4 {[%clk 0:19:37]} Rc4 {[%clk 0:14:43]} Bb7 {[%clk 0:19:23]}
Kh3 {[%clk 0:13:54]} a5 {[%clk 0:18:41]} g4 {[%clk 0:09:34]} Ra3+ {[%clk
0:17:10]} Kh2 {[%clk 0:09:55]} Rb3 {[%clk 0:15:57]} Rc7 {[%clk 0:06:28]} Rb4
{[%clk 0:10:10]} Kg3 {[%clk 0:05:57]} Rb3+ {[%clk 0:10:39]} Kh2 {[%clk 0:06:25]}
Rb4 {[%clk 0:11:02]}

[Variant "Standard"]
[Site "Europe Echecs"]

[Event "Open International Graz"]
[Date "2026.02.15"]
[White "Waldhausen Gordon, Frederick"]
[Black "Piekielny, Pawel"]
[WhiteElo "2410"]
[BlackElo "2316"]
[Round "3.3.9"]
[Result "1-0"]

e4 {[%clk 1:30:57]} e6 {[%clk 1:30:50]} d4 {[%clk 1:31:21]} d5 {[%clk 1:31:14]}
e5 {[%clk 1:31:43]} c5 {[%clk 1:31:40]} c3 {[%clk 1:32:10]} Nc6 {[%clk 1:32:04]}
Nf3 {[%clk 1:32:35]} Bd7 {[%clk 1:31:19]} a3 {[%clk 1:32:52]} c4 {[%clk
1:29:07]} g3 {[%clk 1:33:09]} Qb6 {[%clk 1:28:56]} Nbd2 {[%clk 1:32:06]} Na5
{[%clk 1:29:21]} h4 {[%clk 1:32:13]} Ne7 {[%clk 1:25:05]} Bh3 {[%clk 1:32:23]}
h6 {[%clk 1:25:24]} Rb1 {[%clk 1:29:18]} Qc7 {[%clk 1:25:23]} h5 {[%clk
1:27:14]} O-O-O {[%clk 1:25:31]} O-O {[%clk 1:26:39]} Kb8 {[%clk 1:25:57]} Kg2
{[%clk 1:22:54]} Nec6 {[%clk 1:15:40]} Qe2 {[%clk 1:19:41]} Be7 {[%clk 1:15:53]}
Rh1 {[%clk 1:16:51]} Rc8 {[%clk 1:15:37]} Nf1 {[%clk 1:14:38]} Qd8 {[%clk
1:14:54]} Bg4 {[%clk 1:10:24]} Qg8 {[%clk 1:15:18]} Bf4 {[%clk 1:06:53]} Nb3
{[%clk 1:06:05]} Ne3 {[%clk 1:03:59]} Ka8 {[%clk 1:05:44]} Nxd5 {[%clk 1:01:19]}
Bd8 {[%clk 1:05:15]} Ne3 {[%clk 1:00:08]} Nca5 {[%clk 1:05:41]} d5 {[%clk
0:58:32]} Bb6 {[%clk 1:04:26]} Rbd1 {[%clk 0:50:21]} Qh7 {[%clk 1:02:49]} dxe6
{[%clk 0:46:14]} Bxe6 {[%clk 1:03:14]} Bxe6 {[%clk 0:46:38]} fxe6 {[%clk
1:03:41]} Qc2 {[%clk 0:42:18]} Qxc2 {[%clk 1:02:01]} Nxc2 {[%clk 0:42:34]} Nc5
{[%clk 1:01:34]} Be3 {[%clk 0:38:03]} Nab3 {[%clk 0:52:34]} Nd2 {[%clk 0:32:57]}
Na5 {[%clk 0:47:42]} Nb4 {[%clk 0:23:41]} Rhd8 {[%clk 0:42:37]} Bxc5 {[%clk
0:25:50]} Bxc5 {[%clk 0:43:02]} Ne4 {[%clk 0:26:08]} Nb3 {[%clk 0:43:27]} Nc2
{[%clk 0:25:07]} Be7 {[%clk 0:27:58]} Ne3 {[%clk 0:22:04]} b5 {[%clk 0:27:23]}
f4 {[%clk 0:22:11]} Kb7 {[%clk 0:20:11]} Kf3 {[%clk 0:21:07]} Kc6 {[%clk
0:19:50]} g4 {[%clk 0:20:49]} Rd3 {[%clk 0:04:39]} Rxd3 {[%clk 0:16:54]} cxd3
{[%clk 0:05:01]} Rd1 {[%clk 0:17:12]} Rd8 {[%clk 0:05:17]} Nd2 {[%clk 0:13:06]}
Nc5 {[%clk 0:03:57]} b4 {[%clk 0:13:01]} Na4 {[%clk 0:02:36]} Nb3 {[%clk
0:12:58]} Kb6 {[%clk 0:11:50]} Nd4 {[%clk 0:28:07]} Nxc3 {[%clk 0:12:13]} Rxd3
{[%clk 0:28:33]} a5 {[%clk 0:12:20]} bxa5+ {[%clk 0:26:57]} Kb7 {[%clk 0:11:48]}
Nec2 {[%clk 0:26:04]} Na4 {[%clk 0:11:55]} Rb3 {[%clk 0:26:06]} Rc8 {[%clk
0:11:13]} Rxb5+ {[%clk 0:24:45]} Ka6 {[%clk 0:11:32]} Nb4+ {[%clk 0:24:29]} Bxb4
{[%clk 0:11:49]} Rxb4 {[%clk 0:24:53]} Rc3+ {[%clk 0:11:33]} Kg2 {[%clk
0:25:16]} Nc5 {[%clk 0:11:29]} Rb6+ {[%clk 0:25:14]} Kxa5 {[%clk 0:11:52]} Rc6
{[%clk 0:25:37]} Ka4 {[%clk 0:11:33]} Rc8 {[%clk 0:25:31]} Rc4 {[%clk 0:10:33]}
Ra8+ {[%clk 0:25:42]} Na6 {[%clk 0:10:59]} Rxa6# {[%clk 0:26:07]}

[Variant "Standard"]
[Site "Europe Echecs"]

[Event "Open International Graz"]
[Date "2026.02.15"]
[White "Leitgeb, Julian"]
[Black "Stein, Robert"]
[WhiteElo "2305"]
[BlackElo "2400"]
[Round "3.3.10"]
[Result "1-0"]

e4 {[%clk 1:29:43]} e5 {[%clk 1:30:52]} Nf3 {[%clk 1:30:07]} Nc6 {[%clk
1:31:17]} Bb5 {[%clk 1:30:31]} a6 {[%clk 1:31:40]} Ba4 {[%clk 1:30:57]} d6
{[%clk 1:30:52]} c4 {[%clk 1:29:57]} Bg4 {[%clk 1:28:57]} d3 {[%clk 1:28:53]} g6
{[%clk 1:24:15]} Nc3 {[%clk 1:22:19]} Bg7 {[%clk 1:20:39]} h3 {[%clk 1:19:05]}
Bxf3 {[%clk 1:19:26]} Qxf3 {[%clk 1:19:26]} Ne7 {[%clk 1:12:28]} Bg5 {[%clk
1:14:21]} O-O {[%clk 1:03:46]} Bxc6 {[%clk 1:12:32]} bxc6 {[%clk 1:01:24]} O-O
{[%clk 1:11:39]} f6 {[%clk 0:53:52]} Be3 {[%clk 1:09:17]} f5 {[%clk 0:50:45]}
Bg5 {[%clk 1:04:18]} Bf6 {[%clk 0:49:57]} Bxf6 {[%clk 1:03:52]} Rxf6 {[%clk
0:50:21]} b4 {[%clk 1:01:09]} Qd7 {[%clk 0:45:24]} a4 {[%clk 0:53:42]} Raf8
{[%clk 0:38:38]} b5 {[%clk 0:49:42]} axb5 {[%clk 0:28:41]} axb5 {[%clk 0:49:42]}
g5 {[%clk 0:27:00]} exf5 {[%clk 0:37:00]} Rxf5 {[%clk 0:23:56]} Qg4 {[%clk
0:37:19]} Qe8 {[%clk 0:18:47]} Ra7 {[%clk 0:34:06]} h5 {[%clk 0:15:17]} Qg3
{[%clk 0:30:57]} cxb5 {[%clk 0:08:30]} Rxc7 {[%clk 0:25:13]} Qd8 {[%clk
0:01:09]} Nxb5 {[%clk 0:20:40]} g4 {[%clk 0:00:55]} Qh4 {[%clk 0:06:10]} R8f6
{[%clk 0:01:11]} hxg4 {[%clk 0:05:09]} Ng6 {[%clk 0:01:37]} Qg3 {[%clk 0:04:05]}
Rg5 {[%clk 0:01:56]} Qe3 {[%clk 0:03:03]} Nf4 {[%clk 0:02:06]} Qe4 {[%clk
0:02:50]} Rgg6 {[%clk 0:00:54]} g3 {[%clk 0:02:00]} Rxg4 {[%clk 0:00:33]} Qh7+
{[%clk 0:01:29]} Kf8 {[%clk 0:01:00]} Nxd6 {[%clk 0:01:22]} Ne6 {[%clk 0:00:34]}

[Variant "Standard"]
[Site "Europe Echecs"]

[Event "Open International Graz"]
[Date "2026.02.15"]
[White "Suder, Jakub"]
[Black "Perossa, Nicolas"]
[WhiteElo "2400"]
[BlackElo "2309"]
[Round "3.3.11"]
[Result "1/2-1/2"]

d4 {[%clk 1:30:57]} Nf6 {[%clk 1:26:48]} c4 {[%clk 1:31:23]} e6 {[%clk 1:27:13]}
Nc3 {[%clk 1:31:48]} d5 {[%clk 1:27:39]} cxd5 {[%clk 1:32:13]} exd5 {[%clk
1:28:01]} Bg5 {[%clk 1:32:37]} c6 {[%clk 1:28:24]} e3 {[%clk 1:33:02]} h6 {[%clk
1:28:43]} Bh4 {[%clk 1:33:27]} Be7 {[%clk 1:28:56]} Bd3 {[%clk 1:33:51]} O-O
{[%clk 1:29:13]} Qc2 {[%clk 1:34:17]} Re8 {[%clk 1:29:23]} Nge2 {[%clk 1:34:39]}
a5 {[%clk 1:29:37]} O-O {[%clk 1:34:46]} Na6 {[%clk 1:29:37]} a3 {[%clk
1:35:10]} Nc7 {[%clk 1:29:53]} Rad1 {[%clk 1:35:18]} Ne6 {[%clk 1:29:13]} Kh1
{[%clk 1:35:43]} b5 {[%clk 1:27:35]} f3 {[%clk 1:35:54]} Ba6 {[%clk 1:27:55]}
Bf2 {[%clk 1:35:48]} Qb8 {[%clk 1:19:29]} Ng3 {[%clk 1:26:01]} c5 {[%clk
0:59:46]} dxc5 {[%clk 1:17:34]} Bxc5 {[%clk 0:52:47]} Nf5 {[%clk 1:15:21]} b4
{[%clk 0:52:15]} Bg3 {[%clk 1:07:15]} Qb7 {[%clk 0:42:41]} axb4 {[%clk 0:57:14]}
axb4 {[%clk 0:41:49]} Ne2 {[%clk 0:56:32]} Rac8 {[%clk 0:36:39]} Qd2 {[%clk
0:51:05]} Bxd3 {[%clk 0:35:00]} Qxd3 {[%clk 0:51:29]} Bf8 {[%clk 0:35:21]} Bh4
{[%clk 0:47:25]} Nc5 {[%clk 0:25:36]} Qd4 {[%clk 0:46:52]} Nh7 {[%clk 0:24:25]}
Qg4 {[%clk 0:33:37]} Kh8 {[%clk 0:17:43]} Bg3 {[%clk 0:25:19]} Qa6 {[%clk
0:09:47]} Nf4 {[%clk 0:19:57]} g6 {[%clk 0:08:56]} Nd4 {[%clk 0:19:31]} Nf6
{[%clk 0:09:11]} Qh3 {[%clk 0:18:18]}

[Variant "Standard"]
[Site "Europe Echecs"]

[Event "Open International Graz"]
[Date "2026.02.15"]
[White "Stamatiou, Rodolfos"]
[Black "Borrmann, Laurenz"]
[WhiteElo "2273"]
[BlackElo "2397"]
[Round "3.3.12"]
[Result "1/2-1/2"]

d4 {[%clk 1:30:55]} Nf6 {[%clk 1:30:40]} c4 {[%clk 1:31:13]} e6 {[%clk 1:30:53]}
g3 {[%clk 1:31:16]} d5 {[%clk 1:30:39]} Bg2 {[%clk 1:31:15]} Bb4+ {[%clk
1:28:29]} Bd2 {[%clk 1:31:23]} Be7 {[%clk 1:28:10]} Nf3 {[%clk 1:31:27]} O-O
{[%clk 1:28:15]} O-O {[%clk 1:31:23]} Nbd7 {[%clk 1:28:22]} Qc2 {[%clk 1:30:31]}
c6 {[%clk 1:28:35]} Bf4 {[%clk 1:29:12]} a5 {[%clk 1:28:38]} Nbd2 {[%clk
1:27:50]} Nh5 {[%clk 1:28:20]} Be3 {[%clk 1:25:45]} f5 {[%clk 1:25:24]} Ne1
{[%clk 1:18:50]} f4 {[%clk 1:12:34]} Bxf4 {[%clk 1:16:18]} Nxf4 {[%clk 1:12:48]}
gxf4 {[%clk 1:16:44]} Rxf4 {[%clk 1:12:55]} e3 {[%clk 1:16:12]} Rf8 {[%clk
1:12:10]} f4 {[%clk 1:11:06]} Nf6 {[%clk 1:00:28]} Nd3 {[%clk 1:10:14]} Ng4
{[%clk 0:50:56]} Rf3 {[%clk 1:07:31]} Nh6 {[%clk 0:48:24]} Kh1 {[%clk 1:04:40]}
Nf5 {[%clk 0:48:28]} Rg1 {[%clk 1:03:18]} Bd7 {[%clk 0:48:10]} Nf1 {[%clk
0:59:49]} Be8 {[%clk 0:41:43]} Ne5 {[%clk 0:55:47]} Bd6 {[%clk 0:33:22]} Ng3
{[%clk 0:46:41]} Nh4 {[%clk 0:33:07]} Rf2 {[%clk 0:41:08]} Bxe5 {[%clk 0:33:16]}
fxe5 {[%clk 0:40:45]} Bg6 {[%clk 0:33:08]} Rxf8+ {[%clk 0:39:48]} Qxf8 {[%clk
0:33:27]} Qe2 {[%clk 0:39:24]} Nxg2 {[%clk 0:33:30]} Rxg2 {[%clk 0:38:10]} Qe7
{[%clk 0:27:23]} Rf2 {[%clk 0:35:08]} b6 {[%clk 0:20:55]} Rf4 {[%clk 0:23:42]}
Rd8 {[%clk 0:19:12]} h4 {[%clk 0:23:46]} c5 {[%clk 0:19:00]} h5 {[%clk 0:23:07]}
Be8 {[%clk 0:17:40]} cxd5 {[%clk 0:21:24]} Rxd5 {[%clk 0:17:20]} h6 {[%clk
0:13:11]} cxd4 {[%clk 0:16:36]} exd4 {[%clk 0:12:14]} Bc6 {[%clk 0:15:34]} Kg1
{[%clk 0:08:45]} Qg5 {[%clk 0:14:55]} Qf2 {[%clk 0:07:23]} Rd8 {[%clk 0:14:59]}
hxg7 {[%clk 0:06:26]} Qxg7 {[%clk 0:15:16]} Kf1 {[%clk 0:05:14]} Rf8 {[%clk
0:14:53]}

[Variant "Standard"]
[Site "Europe Echecs"]